top 100 goalscorers for AC Milan - Statistics

General Stats
  • This quiz has been taken 130 times
  • The average score is 27 of 100
Answer Stats
Goals Country
Player
% Correct
175 Ukraine Andriy Shevchenko
98%
93 Sweden Zlatan Ibrahimović
94%
126 Italy Filippo Inzaghi
92%
125 Netherlands Marco van Basten
90%
67 Portugal Rafael Leão
86%
104 Brazil Kaká
86%
33 Italy Paolo Maldini
86%
56 Netherlands Ruud Gullit
85%
26 Brazil Ronaldinho
80%
62 Netherlands Clarence Seedorf
77%
41 Italy Andrea Pirlo
76%
27 United States Christian Pulisic
72%
58 Liberia George Weah
69%
49 France Olivier Giroud
68%
34 Colombia Carlos Bacca
64%
32 Turkey Hakan Çalhanoğlu
64%
26 Netherlands Frank Rijkaard
63%
33 Italy Franco Baresi
62%
37 Ivory Coast Franck Kessié
58%
63 Brazil Alexandre Pato
57%
214 Sweden Gunnar Nordahl
57%
32 Brazil Robinho
57%
163 Italy Gianni Rivera
53%
36 Italy Massimo Ambrosini
48%
33 France Theo Hernández
44%
29 Croatia Ante Rebić
43%
33 Italy Mario Balotelli
43%
24 Spain Suso
42%
44 Germany Oliver Bierhoff
39%
35 Denmark Jon Dahl Tomasson
38%
150 Brazil / Italy José Altafini
38%
30 Croatia Zvonimir Boban
37%
44 Italy Alberto Gilardino
36%
34 Montenegro Dejan Savicevic
36%
35 Italy Giacomo Bonaventura
34%
27 Italy Stephan El Shaarawy
33%
70 Italy Daniele Massaro
31%
31 France Jean-Pierre Papin
31%
23 Italy Roberto Donadoni
29%
28 Italy Demetrio Albertini
28%
20 France Jérémy Ménez
27%
24 Brazil Serginho
27%
24 Italy Giampaolo Pazzini
25%
21 Italy Marco Borriello
24%
82 Sweden Nils Liedholm
24%
27 Italy Patrick Cutrone
23%
32 Italy Bruno Mora
21%
43 Italy Gastone Bean
19%
75 Italy Marco Simone
18%
102 Italy Pierino Prati
17%
76 Italy Pietro Paolo Virdis
15%
38 Sweden Gunnar Gren
13%
57 Uruguay / Italy Juan Schiaffino
13%
130 Italy Aldo Boffi
11%
30 Brazil Leonardo
10%
65 Italy Angelo Sormani
9%
20 Scotland Joe Jordan
8%
90 Italy Alberto Bigon
7%
40 Italy Aldo Maldera
7%
60 Italy Luciano Chiarugi
7%
21 Italy Aurelio Santagostino
6%
57 Italy Carlo Galli
6%
105 Italy Giuseppe Santagostino
6%
21 England Mark Hateley
6%
49 Italy Romeo Benetti
6%
39 Brazil Amarildo
5%
36 Italy Gino Cappello
5%
54 Italy Egidio Calloni
4%
24 Italy Giovanni Lodetti
4%
20 France Nestor Combin
4%
52 Italy Riccardo Carapellese
4%
27 Italy Carlo Cevenini
3%
56 Italy Ettore Puricelli
3%
22 Italy Giuseppe Antonini
3%
23 Italy Oscar Damiani
3%
32 Italy Roberto Antonelli
3%
37 Italy Sergio Battistini
3%
22 Italy Stefano Chiodi
3%
28 Italy Amleto Frignani
2%
20 Italy Aredio Gimona
2%
53 Italy Carlo Annovazzi
2%
28 Argentina Ernesto Grillo
2%
48 Italy Giancarlo Danova
2%
32 Italy Giuseppe Torriani
2%
32 Italy Mario Magnozzi
2%
88 Italy Renzo Burini
2%
20 Italy Silvano Villa
2%
23 Italy Venerino Papa
2%
37 Italy Alessandro Savelli
1%
24 Italy Egidio Capra
1%
67 Italy Giovanni Moretti
1%
21 Italy Giuliano Fortunato
1%
28 Denmark Jørgen Leschly
1%
24 Italy Mariano Tansini
1%
37 Italy Mario Romani
1%
21 Italy Paolo Barison
1%
70 Italy Pietro Arcari
1%
53 Italy Pietro Pastore
1%
34 Italy Rodolfo Ostromann
1%
22 Italy Luigi Rosellini
0%
No matching quizzes found
Score Distribution
Percent of People with Each Score
Percentile by Number Answered
Your Score History
You have not taken this quiz